<?xml version="1.0" encoding="UTF-8"?>
<collection xmlns="http://www.loc.gov/MARC21/slim">
 <record>
  <leader>01433nam a2200205Ia 4500</leader>
  <controlfield tag="001">CTU_230238</controlfield>
  <controlfield tag="008">210402s9999    xx            000 0 und d</controlfield>
  <datafield tag="020" ind1=" " ind2=" ">
   <subfield code="c">350000</subfield>
  </datafield>
  <datafield tag="082" ind1=" " ind2=" ">
   <subfield code="a">343.59704</subfield>
  </datafield>
  <datafield tag="082" ind1=" " ind2=" ">
   <subfield code="b">H250</subfield>
  </datafield>
  <datafield tag="245" ind1=" " ind2="0">
   <subfield code="a">Hệ thống văn bản pháp luật mới nhất về thuế năm 2019 và hướng dẫn quyết toán thuế dành cho doanh nghiệp</subfield>
  </datafield>
  <datafield tag="245" ind1=" " ind2="0">
   <subfield code="b">Luật thuế thu nhập doanh nghiệp, Luật Thuế giá trị gia tăng sửa đổi, bổ sung (Đã được Quốc hội thông qua ngày 19 - 6 - 2013 Kỳ họp thứ 5 Quốc hội khoá 13 có hiệu lực áp dụng từ ngày 01 - 7 - 2013)</subfield>
  </datafield>
  <datafield tag="245" ind1=" " ind2="0">
   <subfield code="c">Vũ Hoàng Uyên (Hệ thống)</subfield>
  </datafield>
  <datafield tag="260" ind1=" " ind2=" ">
   <subfield code="a">Hà Nội</subfield>
  </datafield>
  <datafield tag="260" ind1=" " ind2=" ">
   <subfield code="b">Lao động</subfield>
  </datafield>
  <datafield tag="260" ind1=" " ind2=" ">
   <subfield code="c">2019</subfield>
  </datafield>
  <datafield tag="520" ind1=" " ind2=" ">
   <subfield code="a">Nội dung sách gồm: văn bản hợp nhất luật thuế giá trị gia tăng, luật thuế tiêu thụ đặc biệt, luật quản lý thuế; văn bản hợp nhất luật thuế thu nhập doanh nghiệp; Nghị định và thông tư hương dẫn sửa đổi, bổ sung một số điều về thuế giá trị gia tăng, thu nhập doanh nghiệp, thu nhập cá nhân 2018.</subfield>
  </datafield>
  <datafield tag="650" ind1=" " ind2=" ">
   <subfield code="a">Taxation,Thuế</subfield>
  </datafield>
  <datafield tag="910" ind1=" " ind2=" ">
   <subfield code="a">Tuyến</subfield>
  </datafield>
  <datafield tag="980" ind1=" " ind2=" ">
   <subfield code="a">Trung tâm Học liệu Trường Đại học Cần Thơ</subfield>
  </datafield>
 </record>
</collection>
